000 00725nam a2200289Ia 4500
005 20260324115350.0
008 008 260324s9999 xx 000 0 eng d
020 _a9781351170765
037 _aEBOOK
040 _aCRL
040 _beng
040 _cCRL
041 _2eng
041 _aeng
084 _qCRL
100 _aRajan Suri
_91154378
245 4 _aThe Practitioner's Guide to POLCA
245 4 _bThe Production Control System for High-Mix, Low-Volume and Custom Products
260 _bTaylor and Francis
260 _c2018
365 _a
365 _b99.99
856 _uhttp://www.taylorfrancis.com/books/9781351170765
942 _cEBOOK
999 _c1745216
_d1745216